LEADER 01191nam--2200397---450- 001 990000566230203316 005 20050518153621.0 035 $a0056623 035 $aUSA010056623 035 $a(ALEPH)000056623USA01 035 $a0056623 100 $a20010716d1978----km-y0itay0103----ba 101 $aita 102 $aIT 105 $a||||||||001yy 200 1 $a<> predicazione apostolica e il suo sviluppo$fed. italiana a cura di Antonio Ornella 205 $a2. ed. riv. e corr. 210 $aBrescia$cPaideia$d1978 215 $a108 p.$d21 cm 225 2 $aStudi biblici 410 $12001$aStudi biblici 606 0 $aBibbia$xNuovo Testamento 676 $a225. 700 1$aDODD,$bCharles Harold$0205766 702 1$aORNELLA,$bAntonio 801 0$aIT$bsalbc$gISBD 912 $a990000566230203316 951 $aII 2 Coll.11/2(XIV COLL. 61/21)$b133693 LM$cXIV COLL. 959 $aBK 969 $aUMA 979 $aPATTY$b90$c20010716$lUSA01$h1237 979 $c20020403$lUSA01$h1706 979 $aPATRY$b90$c20040406$lUSA01$h1639 979 $aCOPAT7$b90$c20050518$lUSA01$h1536 996 $aPredicazione apostolica e il suo sviluppo$9537520 997 $aUNISA LEADER 01436nam--2200409---450- 001 990003498950203316 005 20110222115954.0 010 $a978-88-15-13973-3 035 $a000349895 035 $aUSA01000349895 035 $a(ALEPH)000349895USA01 035 $a000349895 100 $a20110218d2010----km-y0itay50------ba 101 1 $aita$ceng 102 $aIT 105 $aa---||||001yy 200 1 $a<> scoperta dell'umanità$eincontri atlantici nell'età di Colombo$fDavid Abulafia 210 $aBologna$cIl Mulino$d2010 215 $a460 p., [4] carte di tav.$cill.$d22 cm 225 2 $aBiblioteca storica 300 $aEdizione italiana a cura di Giuseppe Marcocci, traduzione di Giovanni Arganese 410 0$12001$aBiblioteca storica 454 0$12001$a<> discovery of mankind$917437 606 0 $aIndigeni$xRapporti [con gli] Esploratori europei$yAmerica$zSec. 14.-16.$2BNCF 676 $a305.80097 700 1$aABULAFIA,$bDavid$0437420 801 0$aIT$bsalbc$gISBD 912 $a990003498950203316 951 $aX.2.B. 2052$b229690 L.M.$cX.2.B.$d00165289 959 $aBK 969 $aUMA 979 $aPASSARO$b90$c20110218$lUSA01$h1111 979 $aPASSARO$b90$c20110222$lUSA01$h1156 979 $aPASSARO$b90$c20110222$lUSA01$h1159 979 $aPASSARO$b90$c20110222$lUSA01$h1159 996 $aDiscovery of Mankind. Atlantic Encounters in the Age of Columbus$917437 997 $aUNISA